00389 2200157 4500001002100000005001500021035002000036245005600056100001600112300001200128260003500140082000800175084001400183020002200197990001200219INLIS00000000000161520250424113827 a0010-04250000311 aSebuah Seni Untuk Bersikap Bodo Amat /cMark Manson0 aMark Manson a246 hlm aJakarta :bPT. Gramedia,c2018 a100 a100 MAR s a978-602-452-698-6 a0754717